Limnología /

Guardado en:
Autor Principal: Wetzel, Robert G.
Formato: Libro
Idioma:Undetermined
Publicado: Barcelona : Omega, 1981.
Etiquetas: Agregar Etiqueta
Sin Etiquetas, Sea el primero en etiquetar este registro!
LEADER 00531nam a22001575a 4500
001 EEA.libagro010109
005 20160923093147.0
008 140826s1981####sp#a#####b####000#0#und#d
020 |a 8428206015 
082 0 4 |a 574.52632 
100 1 |a Wetzel, Robert G. 
245 1 0 |a Limnología /  |c Robert G. Wetzel ; traducido por Marcela Chinchilla y Montserrat Comellas. 
260 |a Barcelona :  |b Omega,  |c 1981. 
300 |a xii, 679 p. :  |b il. ;  |c 25 cm. 
504 |a Bibliografía: p. 605-669. 
859 |a AR-BbBCA  |b BIB. AGRONOMIA  |h 574.52632  |i W544  |p 2014/6438